000
00264nam a2200133Ia 4500
100
_a
Jog/ Nandini L
942
_c
BK
654
_a
logic
245
_a
Logic circuits
260
_b
Nandu Pub
_c
1998
082
_a
621.395
_b
JOG
300
_a
264
546
_a
ENGLISH
999
_c
23722
_d
23722